Country Flags with Three Vertical Stripes - Picture Quiz - Statistics

General Stats
  • This quiz has been taken 2,346 times
  • The average score is 10 of 11
Answer Stats
Picture Answer % Correct
France
100%
Italy
98%
Ireland
94%
Belgium
93%
Ivory Coast
91%
Nigeria
91%
Romania
89%
Chad
83%
Peru
81%
Mali
73%
Guinea
65%
No matching quizzes found
Score Distribution
Percent of People with Each Score
Percentile by Number Answered
Your Score History
You have not taken this quiz